Super Smash Bros. - F-Zero Universe - Statistics

General Stats
  • This quiz has been taken 28 times
    27 since last reset
  • The average score is 15 of 32
Answer Stats
Hint Answer % Correct
Fighters Captain Falcon
100%
Assist Trophies Samurai Goroh
96%
Stages Big Blue
87%
Stages Mute City
87%
Masterpieces F-Zero
83%
Spirits Blood Falcon
74%
Spirits Jody Summer
74%
Spirits Black Shadow
70%
Trophies Blue Falcon
70%
Stages Mute City SNES
70%
Stages Port Town Aero Dive
70%
Spirits Dr. Stewart
57%
Spirits Pico
57%
Spirits The Skull
43%
Spirits Zoda
43%
Spirits Mr. EAD
39%
Spirits Octoman
39%
Trophies Falcon Flyer
35%
Trophies Fire Stingray
35%
Trophies Golden Fox
35%
Spirits Mighty Gazelle
35%
Spirits Bio Rex
30%
Trophies James McCloud
30%
Trophies Wild Goose
30%
Spirits Jack Levin
26%
Spirits Baba
22%
Trophies Deathborn
22%
Stickers White Cat
22%
Stickers Red Gazelle
13%
Trophies F-Zero Racers
9%
Stickers Gomar & Shioh
9%
Stickers Iron Tiger
9%
No matching quizzes found
Score Distribution
Percent of People with Each Score
Percentile by Number Answered
Your Score History
You have not taken this quiz since the last reset